Statystyki dla Stany w Ameryce

Kliknij tutaj aby rozwiązać quiz!

Ogólne statystyki

  • Ten quiz został rozwiązany 521 razy
  • Średni wynik to 25 z 50

Statystyki odpowiedzi

LiteraStan% Poprawnych
KKalifornia
84%
AAlaska
79%
NNowy jork
79%
TTeksas
79%
FFloryda
77%
AArizona
74%
WWaszyngton
72%
AAlabama
70%
OOhio
70%
KKarolina Północna
64%
HHawaje
61%
KKarolina Południowa
61%
NNowy Meksyk
60%
GGeorgia
59%
NNevada
59%
DDakota Północna
55%
IIdaho
55%
DDakota Południowa
54%
KKentucky
53%
MMissisipi
53%
OOklahoma
53%
UUtah
53%
KKolorado
52%
LLuizjana
50%
IIllinois
49%
MMinnesota
49%
AArkansas
48%
MMontana
48%
PPensylwania
48%
IIndiana
47%
NNebraska
45%
NNew Jersey
45%
WWirginia
45%
KKansas
44%
MMissouri
44%
OOregon
44%
IIowa
40%
MMassachusetts
39%
MMichigan
38%
CConnecticut
34%
DDelaware
34%
MMaine
34%
TTennessee
34%
WWisconsin
34%
WWyoming
34%
RRhode Island
32%
MMaryland
31%
VVermont
30%
NNew Hampshire
29%
WWirginia Zachodnia
29%

Rozkład punktacji

Percentyl według liczby udzielonych odpowiedzi

Procent ludzi z każdym wynikiem

Twoja historia wyników

Nie rozwiązałeś tego quizu